[Event "First Saturday 2009 augusztus FM-C"]
[Site "Budapest"]
[Date "2009.08.05"]
[Round "5"]
[White "Fabian, Laszlo"]
[Black "Simon, Tamas"]
[Result "0-1"]
[WhiteElo "1777"]
[BlackElo "1808"]
[PlyCount "42"]
[EventDate "2009.08.01"]

1. e4 e6 2. Nc3 d5 3. d4 Nf6 4. e5 Nfd7 5. f4 c5 6. Be3 Nc6 7. Nf3 Qb6 8. Rb1
cxd4 9. Nxd4 Bb4 10. Kf2 Bxc3 11. bxc3 Qa5 12. Nb5 O-O 13. Rb3 a6 14. Ra3 Qd8
15. Qg4 Qe7 16. Bd3 Rb8 17. Bxh7+ Kxh7 18. Qh5+ Kg8 19. Nd6 g6 20. Qg5 Qxg5 21.
fxg5 Ndxe5 0-1

[Event "First Saturday 2009 augusztus FM-C"]
[Site "Budapest"]
[Date "2009.08.05"]
[Round "5"]
[White "Gecse, Lajos"]
[Black "Hetesi, Zoltan"]
[Result "1/2-1/2"]
[WhiteElo "1644"]
[BlackElo "1509"]
[PlyCount "39"]
[EventDate "2009.08.01"]

1. e4 e5 2. Nf3 Nc6 3. d4 exd4 4. Nxd4 Nxd4 5. Qxd4 c5 6. Qd1 g6 7. Be2 Be7 8.
Nc3 d6 9. Be3 Nf6 10. f3 O-O 11. O-O Nd7 12. Qd2 Ne5 13. Rab1 Be6 14. b3 f5 15.
Rbd1 Qc7 16. Nd5 Qd8 17. c4 fxe4 18. fxe4 Ng4 19. Rxf8+ Qxf8 20. Nxe7+ 1/2-1/2

[Event "First Saturday 2009 augusztus FM-C"]
[Site "Budapest"]
[Date "2009.08.06"]
[Round "6"]
[White "Mihajlova, Diana"]
[Black "Hetesi, Zoltan"]
[Result "0-1"]
[WhiteElo "1527"]
[BlackElo "1509"]
[PlyCount "42"]
[EventDate "2009.08.01"]

1. Nf3 d5 2. g3 Nc6 3. Bg2 e5 4. d3 Nf6 5. O-O Bf5 6. Nbd2 Qd7 7. Re1 O-O-O 8.
Nh4 Be6 9. Ndf3 h6 10. Nd2 g5 11. Nhf3 e4 12. dxe4 dxe4 13. Nd4 Nxd4 14. Nxe4
Nxe4 15. Bxe4 Bg4 16. Bd3 Be6 17. Be3 Bc5 18. Qd2 Bh3 19. b4 Bb6 20. c4 c5 21.
b5 Rhf8 0-1

[Event "First Saturday 2009 augusztus FM-C"]
[Site "Budapest"]
[Date "2009.08.06"]
[Round "6"]
[White "Simon, Tamas"]
[Black "Gecse, Lajos"]
[Result "1-0"]
[WhiteElo "1808"]
[BlackElo "1644"]
[PlyCount "49"]
[EventDate "2009.08.01"]

1. d4 d5 2. c4 e6 3. Nc3 Nf6 4. Bg5 c6 5. Nf3 Be7 6. e3 dxc4 7. Bxc4 O-O 8. O-O
Nbd7 9. Qc2 Nd5 10. Bxe7 Qxe7 11. Bd3 f5 12. e4 Nb4 13. Qe2 Nxd3 14. Qxd3 Nf6
15. Rae1 fxe4 16. Nxe4 Nxe4 17. Rxe4 Rf5 18. Re5 Qd6 19. Rxf5 exf5 20. Re1 Bd7
21. Qb3+ Kf8 22. Qxb7 Rb8 23. Qxa7 Rxb2 24. Qa5 Be6 25. Rxe6 1-0

[Event "First Saturday 2009 augusztus FM-C"]
[Site "Budapest"]
[Date "2009.08.06"]
[Round "6"]
[White "Fenyvesi, Tamas"]
[Black "Fabian, Laszlo"]
[Result "1-0"]
[WhiteElo "1794"]
[BlackElo "1777"]
[PlyCount "73"]
[EventDate "2009.08.01"]

1. d4 Nf6 2. c4 g6 3. Nc3 Bg7 4. e4 d6 5. Nge2 O-O 6. Ng3 Nbd7 7. h4 h5 8. Be2
e5 9. d5 Nb6 10. Bg5 Qd7 11. b3 Ng4 12. Bxg4 Qxg4 13. Qxg4 Bxg4 14. f3 Bd7 15.
Kd2 a5 16. a4 f6 17. Be3 Nc8 18. Rag1 c6 19. Nge2 Be8 20. g4 hxg4 21. fxg4 Ne7
22. h5 g5 23. h6 Bh8 24. Ng3 Kh7 25. Nf5 Nxf5 26. exf5 c5 27. Ne4 Rd8 28. Bxg5
fxg5 29. Nxg5+ Kg8 30. Ne6 Rd7 31. Nxf8 Kxf8 32. g5 e4 33. Rf1 Kg8 34. g6 Bf6
35. Rfg1 Rd8 36. g7 e3+ 37. Ke2 1-0

[Event "First Saturday 2009 augusztus FM-C"]
[Site "Budapest"]
[Date "2009.08.06"]
[Round "6"]
[White "Kantor, Gergely"]
[Black "Farkas, Richard"]
[Result "1/2-1/2"]
[WhiteElo "1732"]
[BlackElo "1818"]
[PlyCount "74"]
[EventDate "2009.08.01"]

1. e4 e6 2. d4 d5 3. Nc3 Bb4 4. e5 c5 5. Qg4 Ne7 6. dxc5 Qa5 7. Bd2 Nf5 8. Bd3
d4 9. Ne4 Bxd2+ 10. Nxd2 O-O 11. Bxf5 exf5 12. Qxd4 Nc6 13. Qe3 Re8 14. f4 f6
15. Ngf3 fxe5 16. fxe5 f4 17. Qxf4 Qxc5 18. Qc4+ Qxc4 19. Nxc4 Bg4 20. O-O Bxf3
21. Rxf3 Nd4 22. Rf2 b5 23. c3 Nc6 24. Nd2 Rxe5 25. Nf3 Rd5 26. Re1 Rad8 27.
Rfe2 Kf7 28. Ne5+ Nxe5 29. Rxe5 Rxe5 30. Rxe5 Rd1+ 31. Kf2 Rd2+ 32. Re2 Rd3 33.
Re3 Rd2+ 34. Re2 Rd3 35. Re3 Rd2+ 36. Re2 Rd3 37. Re3 Rd2+ 1/2-1/2

[Event "First Saturday 2009 augusztus FM-C"]
[Site "Budapest"]
[Date "2009.08.06"]
[Round "6"]
[White "Jorgensen, Orla  E"]
[Black "Mendege, Andras"]
[Result "1/2-1/2"]
[WhiteElo "1660"]
[BlackElo "1821"]
[PlyCount "70"]
[EventDate "2009.08.01"]

1. f4 f5 2. b3 Nf6 3. Bb2 e6 4. Nf3 Be7 5. c4 O-O 6. e3 b6 7. Nc3 Bb7 8. d3 c5
9. g3 Na6 10. Bg2 Nc7 11. O-O d6 12. Qc2 Qc8 13. Rfe1 d5 14. cxd5 exd5 15. Rad1
Bd6 16. d4 Ne4 17. Nxe4 dxe4 18. Ne5 Bxe5 19. dxe5 Nd5 20. Qc4 Qe6 21. Re2 Rfd8
22. Red2 Rd7 23. Kf2 Rad8 24. a4 Kf7 25. Bc3 Ke7 26. b4 Nxc3 27. Rxd7+ Rxd7 28.
Rxd7+ Kxd7 29. Qxc3 cxb4 30. Qxb4 Ba6 31. Bf1 Qa2+ 32. Kg1 Qa1 33. Qd6+ Kc8 34.
Qc6+ Kb8 35. Qd6+ Kc8 1/2-1/2

[Event "First Saturday 2009 augusztus FM-C"]
[Site "Budapest"]
[Date "2009.08.06"]
[Round "6"]
[White "Solti, Gergely"]
[Black "Szoukup, Istvan"]
[Result "1-0"]
[WhiteElo "1839"]
[BlackElo "1783"]
[PlyCount "129"]
[EventDate "2009.08.01"]

1. e4 e5 2. d4 exd4 3. Nf3 Bb4+ 4. c3 dxc3 5. bxc3 Be7 6. Bc4 d6 7. Qb3 Be6 8.
Bxe6 fxe6 9. Qxe6 Qd7 10. Qb3 c6 11. O-O Na6 12. Bf4 Nc5 13. Qd1 Nxe4 14. Re1
Ngf6 15. Qd4 d5 16. Ne5 Qf5 17. Nd3 O-O 18. f3 Bc5 19. Nxc5 Nxc5 20. Bd6 Ne6
21. Qb4 Rf7 22. Nd2 a5 23. Qh4 Qg5 24. Qf2 Nf4 25. Bxf4 Qxf4 26. Re6 Ng4 27.
Qh4 Qxd2 28. Qxg4 Qxc3 29. Rae1 Raf8 30. Re8 d4 31. Qe6 Rxe8 32. Qxe8+ Rf8 33.
Qe6+ Kh8 34. Qe8 Qc5 35. Qd7 d3+ 36. Kf1 Qc4 37. Rd1 d2+ 38. Kf2 Qh4+ 39. Kf1
Qd8 40. Qxb7 Qd3+ 41. Kf2 Re8 42. Qb3 Re2+ 43. Kg3 Qg6+ 44. Kf4 Qf6+ 45. Kg4
Rxg2+ 46. Kh3 Rxh2+ 47. Kxh2 Qf4+ 48. Kg2 h5 49. Qc2 h4 50. Qxd2 Qg3+ 51. Kf1
Qxf3+ 52. Ke1 Qh1+ 53. Ke2 Qg2+ 54. Kd3 Qd5+ 55. Kc3 Qc5+ 56. Kb2 Kh7 57. Qc2+
Qxc2+ 58. Kxc2 g5 59. Rd6 c5 60. Kd1 h3 61. Ke2 c4 62. Kf2 c3 63. Kg3 c2 64.
Rc6 g4 65. Rxc2 1-0

[Event "First Saturday 2009 augusztus FM-C"]
[Site "Budapest"]
[Date "2009.08.07"]
[Round "7"]
[White "Szoukup, Istvan"]
[Black "Mihajlova, Diana"]
[Result "1-0"]
[WhiteElo "1783"]
[BlackElo "1527"]
[PlyCount "65"]
[EventDate "2009.08.01"]

1. e4 d5 2. exd5 Nf6 3. Bb5+ c6 4. dxc6 bxc6 5. Be2 e6 6. Nf3 Bc5 7. O-O O-O 8.
d4 Bd6 9. Bg5 Nbd7 10. c4 c5 11. Nc3 a6 12. Ne4 Be7 13. Bxf6 Bxf6 14. Nxf6+
Qxf6 15. b3 Bb7 16. dxc5 Nxc5 17. Qd4 Qe7 18. Rad1 Rad8 19. Qa1 Nd7 20. a3 e5
21. b4 e4 22. Nd4 f5 23. c5 Ne5 24. Qa2+ Bd5 25. Nc6 Qe6 26. Rxd5 Rxd5 27. Qxd5
Qxd5 28. Ne7+ Kf7 29. Nxd5 Rd8 30. Rd1 g5 31. Bxa6 Nd3 32. Bxd3 Rxd5 33. Bc4
1-0

[Event "First Saturday 2009 augusztus FM-C"]
[Site "Budapest"]
[Date "2009.08.07"]
[Round "7"]
[White "Mendege, Andras"]
[Black "Solti, Gergely"]
[Result "1/2-1/2"]
[WhiteElo "1821"]
[BlackElo "1839"]
[PlyCount "72"]
[EventDate "2009.08.01"]

1. e4 c5 2. Nf3 Nc6 3. d4 cxd4 4. Nxd4 g6 5. Nc3 Bg7 6. Be3 Nf6 7. f3 O-O 8.
Qd2 d5 9. exd5 Nxd5 10. Nxc6 bxc6 11. Bd4 e5 12. Bc5 Nxc3 13. Bxf8 Qxf8 14.
bxc3 Qc5 15. c4 Be6 16. Rb1 Bf6 17. Bd3 Rd8 18. Qf2 Qa5+ 19. Ke2 e4 20. fxe4
Bd4 21. Qf3 h5 22. h3 Qxa2 23. Rhd1 Bxc4 24. Kf1 Qxc2 25. Bxc4 Qxc4+ 26. Qe2
Qe6 27. g4 c5 28. Rb7 a5 29. Kg2 hxg4 30. Qxg4 Qa2+ 31. Kh1 Qf2 32. Qg2 Qxg2+
33. Kxg2 Ra8 34. Rdb1 Kg7 35. Rb8 Ra7 36. R8b7 Ra8 1/2-1/2

[Event "First Saturday 2009 augusztus FM-C"]
[Site "Budapest"]
[Date "2009.08.07"]
[Round "7"]
[White "Farkas, Richard"]
[Black "Vinnay, Istvan"]
[Result "1-0"]
[WhiteElo "1818"]
[BlackElo "1819"]
[PlyCount "97"]
[EventDate "2009.08.01"]

1. e4 c5 2. Nc3 Nc6 3. g3 d6 4. Bg2 Nf6 5. d3 e6 6. f4 a6 7. a4 Be7 8. Nf3 Qc7
9. O-O O-O 10. h3 Rb8 11. Kh2 b5 12. g4 Nd7 13. g5 b4 14. Ne2 Nb6 15. Ng3 f6
16. Nh4 fxg5 17. fxg5 Rxf1 18. Qxf1 Bd7 19. Qe2 Rf8 20. a5 Nc8 21. Qh5 Be8 22.
g6 hxg6 23. Nxg6 Bxg6 24. Qxg6 Bf6 25. Nh5 Be5+ 26. Kh1 Qf7 27. Qg4 N8e7 28. h4
Qg6 29. Qg5 Qxg5 30. hxg5 g6 31. Nf6+ Bxf6 32. gxf6 Rxf6 33. Be3 Ne5 34. Bg5
Rf7 35. Bh3 Nf3 36. Be3 Rh7 37. Kg2 Nd4 38. Bxd4 cxd4 39. Bxe6+ Kf8 40. Bc4 Nc6
41. Bxa6 Rh5 42. Bc4 Rxa5 43. Rxa5 Nxa5 44. Bd5 Ke7 45. Kg3 Kd7 46. Kf4 Nc6 47.
Bxc6+ Kxc6 48. Kg5 Kb5 49. b3 1-0

[Event "First Saturday 2009 augusztus FM-C"]
[Site "Budapest"]
[Date "2009.08.07"]
[Round "7"]
[White "Fabian, Laszlo"]
[Black "Kantor, Gergely"]
[Result "1-0"]
[WhiteElo "1777"]
[BlackElo "1732"]
[PlyCount "119"]
[EventDate "2009.08.01"]

1. e4 c5 2. Nc3 Nc6 3. Nf3 g6 4. d4 cxd4 5. Nxd4 Bg7 6. Be3 Nf6 7. Qd2 O-O 8.
a3 d5 9. Nxc6 bxc6 10. O-O-O e6 11. h3 Nd7 12. exd5 cxd5 13. Bh6 Bb7 14. Bxg7
Kxg7 15. f4 Bc6 16. h4 h5 17. Rh3 Qb6 18. Ne2 Nc5 19. Qd4+ e5 20. Qxe5+ f6 21.
Qd4 Rab8 22. b4 Ne4 23. Qxb6 axb6 24. Rf3 Rfd8 25. Nd4 Bd7 26. Re3 Kf7 27. b5
Ra8 28. Kb2 Bg4 29. Rde1 Re8 30. c4 Nd2 31. Rxe8 Rxe8 32. Rxe8 Kxe8 33. Bd3
dxc4 34. Bxg6+ Kf8 35. Kc3 Kg7 36. Bc2 Nf1 37. Kb4 Ne3 38. Be4 Kf7 39. a4 Ke7
40. f5 Kd6 41. Nc6 Bxf5 42. Bf3 Bg4 43. a5 Bxf3 44. gxf3 Kc7 45. a6 Nf5 46.
Kxc4 Nxh4 47. Ne7 Kb8 48. Kd5 Nxf3 49. Nf5 Ne5 50. Kd6 Ka7 51. Kc7 Nc4 52. Ne7
h4 53. Nc8+ Ka8 54. Nxb6+ Nxb6 55. Kxb6 h3 56. Kc7 h2 57. b6 h1=Q 58. b7+ Ka7
59. b8=Q+ Kxa6 60. Qb6# 1-0

[Event "First Saturday 2009 augusztus FM-C"]
[Site "Budapest"]
[Date "2009.08.07"]
[Round "7"]
[White "Gecse, Lajos"]
[Black "Fenyvesi, Tamas"]
[Result "1/2-1/2"]
[WhiteElo "1644"]
[BlackElo "1794"]
[PlyCount "53"]
[EventDate "2009.08.01"]

1. e4 e6 2. d4 d5 3. Nc3 dxe4 4. Nxe4 Nf6 5. Nxf6+ Qxf6 6. Nf3 h6 7. Bd3 Bd6 8.
O-O Nd7 9. Re1 O-O 10. c3 e5 11. Be3 Re8 12. Nd2 Nb6 13. Ne4 Qe7 14. h3 Nd5 15.
Nxd6 Qxd6 16. dxe5 Rxe5 17. Bd4 Rxe1+ 18. Qxe1 Be6 19. Qe4 f5 20. Qe5 Qxe5 21.
Bxe5 c6 22. Bc4 Re8 23. Bxd5 Bxd5 24. Bd4 a6 25. Kf1 Bc4+ 26. Kg1 Re2 27. b3
1/2-1/2

[Event "First Saturday 2009 augusztus FM-C"]
[Site "Budapest"]
[Date "2009.08.07"]
[Round "7"]
[White "Hetesi, Zoltan"]
[Black "Simon, Tamas"]
[Result "0-1"]
[WhiteElo "1509"]
[BlackElo "1808"]
[PlyCount "36"]
[EventDate "2009.08.01"]

1. e4 e6 2. c4 d5 3. exd5 exd5 4. cxd5 Qxd5 5. Nc3 Qd8 6. d4 c6 7. Nf3 Nf6 8.
Be2 Bg4 9. Be3 Be7 10. Qb3 b6 11. O-O O-O 12. Rad1 Qc7 13. Rfe1 Bd6 14. h3 Be6
15. d5 Nxd5 16. Nxd5 Bxd5 17. Qd3 Rd8 18. Ng5 Bh2+ 0-1

[Event "First Saturday 2009 augusztus FM-C"]
[Site "Budapest"]
[Date "2009.08.08"]
[Round "8"]
[White "Mihajlova, Diana"]
[Black "Simon, Tamas"]
[Result "1/2-1/2"]
[WhiteElo "1527"]
[BlackElo "1808"]
[PlyCount "45"]
[EventDate "2009.08.01"]

1. Nf3 Nf6 2. c4 g6 3. Nc3 Bg7 4. e4 d6 5. Be2 O-O 6. O-O Nbd7 7. b4 c5 8. a3
Nxe4 9. Nxe4 Bxa1 10. d4 cxd4 11. Bh6 Bb2 12. Nxd4 Qb6 13. c5 dxc5 14. bxc5
Nxc5 15. Ng5 Rd8 16. Bc4 Rxd4 17. Bxf7+ Kh8 18. Qe2 Rd7 19. Rb1 Nd3 20. Bc4
Qxf2+ 21. Qxf2 Nxf2 22. Nf7+ Kg8 23. Rxb2 1/2-1/2

[Event "First Saturday 2009 augusztus FM-C"]
[Site "Budapest"]
[Date "2009.08.08"]
[Round "8"]
[White "Fenyvesi, Tamas"]
[Black "Hetesi, Zoltan"]
[Result "1-0"]
[WhiteElo "1794"]
[BlackElo "1509"]
[PlyCount "49"]
[EventDate "2009.08.01"]

1. d4 e5 2. dxe5 Nc6 3. Bf4 Qe7 4. Nf3 Qb4+ 5. Bd2 Qxb2 6. Nc3 Bb4 7. Rb1 Qa3
8. Rb3 Qa5 9. e4 d6 10. Nd5 Bxd2+ 11. Qxd2 Qxd2+ 12. Kxd2 Kd8 13. Ng5 Nxe5 14.
f4 h6 15. fxe5 hxg5 16. exd6 cxd6 17. Bc4 Nf6 18. Nxf6 gxf6 19. Bxf7 Rf8 20.
Bd5 f5 21. Rf1 f4 22. g3 Rb8 23. gxf4 Rxf4 24. Rxf4 gxf4 25. Rf3 1-0

[Event "First Saturday 2009 augusztus FM-C"]
[Site "Budapest"]
[Date "2009.08.08"]
[Round "8"]
[White "Kantor, Gergely"]
[Black "Gecse, Lajos"]
[Result "1-0"]
[WhiteElo "1732"]
[BlackElo "1644"]
[PlyCount "65"]
[EventDate "2009.08.01"]

1. e4 c5 2. b3 e6 3. Bb2 d5 4. exd5 exd5 5. d4 b6 6. Nf3 Nc6 7. Bb5 Bd7 8. O-O
Nf6 9. Re1+ Be7 10. Nc3 a6 11. Bf1 O-O 12. dxc5 Bxc5 13. Nxd5 Ng4 14. Ne3 Nxe3
15. fxe3 Re8 16. Bd4 Bf5 17. Bxc5 bxc5 18. Bd3 Bxd3 19. cxd3 Nb4 20. d4 cxd4
21. Nxd4 Qg5 22. a3 Nd5 23. Nf3 Qh5 24. Qd3 Red8 25. Rad1 h6 26. b4 f5 27. Qb3
Qf7 28. e4 fxe4 29. Rxe4 Kh7 30. Red4 Qa7 31. Kh1 Nf4 32. Qc2+ g6 33. Rxd8 1-0

[Event "First Saturday 2009 augusztus FM-C"]
[Site "Budapest"]
[Date "2009.08.08"]
[Round "8"]
[White "Vinnay, Istvan"]
[Black "Fabian, Laszlo"]
[Result "0-1"]
[WhiteElo "1819"]
[BlackElo "1777"]
[PlyCount "34"]
[EventDate "2009.08.01"]

1. c4 Nf6 2. Nc3 e5 3. g3 d6 4. Bg2 a6 5. d4 exd4 6. Qxd4 Nbd7 7. e4 Be7 8.
Nge2 c5 9. Qd2 Ne5 10. b3 O-O 11. Qc2 Bg4 12. f4 Nc6 13. Be3 Nb4 14. Qd2 Qa5
15. O-O Bxe2 16. Nxe2 Ng4 17. Bf2 Bf6 0-1

[Event "First Saturday 2009 augusztus FM-C"]
[Site "Budapest"]
[Date "2009.08.08"]
[Round "8"]
[White "Jorgensen, Orla  E"]
[Black "Farkas, Richard"]
[Result "0-1"]
[WhiteElo "1660"]
[BlackElo "1818"]
[PlyCount "28"]
[EventDate "2009.08.01"]

1. f4 d5 2. Nf3 Bf5 3. b3 c5 4. Bb2 e6 5. e3 a6 6. a4 Nc6 7. d3 Nf6 8. Nbd2 Be7
9. Be2 O-O 10. h3 b5 11. g4 Bg6 12. axb5 axb5 13. Nh4 Nxg4 14. Nxg6 Bh4+ 0-1

[Event "First Saturday 2009 augusztus FM-C"]
[Site "Budapest"]
[Date "2009.08.08"]
[Round "8"]
[White "Szoukup, Istvan"]
[Black "Mendege, Andras"]
[Result "0-1"]
[WhiteElo "1783"]
[BlackElo "1821"]
[PlyCount "46"]
[EventDate "2009.08.01"]

1. e4 e6 2. d4 d5 3. Nc3 Nf6 4. e5 Nfd7 5. f4 c5 6. Nf3 Nc6 7. Be3 cxd4 8. Nxd4
Nxd4 9. Bxd4 a6 10. Be2 Qc7 11. O-O Bc5 12. Kh1 Bxd4 13. Qxd4 Qb6 14. Qxb6 Nxb6
15. Rad1 Bd7 16. f5 O-O 17. fxe6 Bxe6 18. Rd4 Nd7 19. Bg4 Nxe5 20. Bxe6 fxe6
21. Re1 Rae8 22. Kg1 Nc6 23. Rg4 g6 0-1

[Event "First Saturday 2009 augusztus FM-C"]
[Site "Budapest"]
[Date "2009.08.09"]
[Round "9"]
[White "Mendege, Andras"]
[Black "Mihajlova, Diana"]
[Result "1-0"]
[WhiteElo "1821"]
[BlackElo "1527"]
[PlyCount "54"]
[EventDate "2009.08.01"]

1. e4 c5 2. Nf3 d6 3. d4 cxd4 4. Nxd4 Nf6 5. Nc3 e5 6. Nb3 a6 7. Be2 Be7 8. O-O
O-O 9. Be3 Be6 10. f4 d5 11. exd5 Nxd5 12. Nxd5 Bxd5 13. fxe5 Nc6 14. Bd4 Qc7
15. Bc3 Rad8 16. Qe1 Nxe5 17. Bxa6 Ng4 18. Qg3 Bc5+ 19. Nxc5 Qxc5+ 20. Kh1 bxa6
21. Qxg4 g6 22. Bb4 Bxg2+ 23. Kxg2 Qxc2+ 24. Rf2 Qc6+ 25. Qf3 Qxf3+ 26. Rxf3
Rfe8 27. Raf1 Rd7 1-0

[Event "First Saturday 2009 augusztus FM-C"]
[Site "Budapest"]
[Date "2009.08.09"]
[Round "9"]
[White "Farkas, Richard"]
[Black "Solti, Gergely"]
[Result "1-0"]
[WhiteElo "1818"]
[BlackElo "1839"]
[PlyCount "87"]
[EventDate "2009.08.01"]

1. e4 c5 2. Nc3 Nc6 3. g3 g6 4. Bg2 Bg7 5. d3 d6 6. f4 e6 7. Nf3 Nge7 8. O-O
O-O 9. Be3 Qa5 10. Qd2 d5 11. Nd1 Qb6 12. c3 d4 13. Bf2 Rd8 14. g4 Qa6 15. c4
b5 16. b3 bxc4 17. bxc4 Rb8 18. Bg3 Bd7 19. Nh4 f5 20. gxf5 exf5 21. e5 Be6 22.
Nf3 Qa3 23. Ng5 Bc8 24. h4 h6 25. Nf3 Na5 26. Qe2 Be6 27. h5 Rb6 28. Bh4 Re8
29. Kh1 Nec6 30. Rg1 Reb8 31. Bh3 Nb4 32. Nf2 Na6 33. Rxg6 Rb1+ 34. Rxb1 Rxb1+
35. Kh2 Rb2 36. Qf1 Bf7 37. Rxa6 Bxh5 38. Qg2 Rb7 39. e6 Qb4 40. e7 Be8 41. Bf6
Rxe7 42. Bxe7 Nc6 43. Bf6 Qb7 44. Ne5 1-0

[Event "First Saturday 2009 augusztus FM-C"]
[Site "Budapest"]
[Date "2009.08.09"]
[Round "9"]
[White "Fabian, Laszlo"]
[Black "Jorgensen, Orla  E"]
[Result "1-0"]
[WhiteElo "1777"]
[BlackElo "1660"]
[PlyCount "89"]
[EventDate "2009.08.01"]

1. e4 c5 2. Nc3 d6 3. f4 Nc6 4. Nf3 Bg4 5. Bb5 e6 6. a4 a6 7. Be2 Nf6 8. d3 Be7
9. O-O O-O 10. Be3 Qb6 11. Ra3 Rfe8 12. Rb3 Qc7 13. Ra3 Nb4 14. h3 Bxf3 15.
Bxf3 Rab8 16. Ra1 b5 17. axb5 axb5 18. Bf2 Nc6 19. e5 Nd7 20. exd6 Bxd6 21. g3
b4 22. Ne4 Be7 23. Bg2 Ra8 24. Qd2 Ra7 25. c3 f5 26. Ng5 Bxg5 27. fxg5 bxc3 28.
bxc3 Rea8 29. Rxa7 Rxa7 30. Rb1 Nce5 31. Qc2 Qd8 32. Qb3 Kf7 33. d4 c4 34. Qd1
Nd3 35. Qh5+ Kg8 36. Be3 g6 37. Qf3 Ra3 38. Qc6 Rxc3 39. Qxe6+ Kf8 40. Bd5 Kg7
41. Rb7 N3e5 42. Qxe5+ Kf8 43. Qh8+ Ke7 44. Qf6+ Ke8 45. Qf7# 1-0

[Event "First Saturday 2009 augusztus FM-C"]
[Site "Budapest"]
[Date "2009.08.09"]
[Round "9"]
[White "Gecse, Lajos"]
[Black "Vinnay, Istvan"]
[Result "0-1"]
[WhiteElo "1644"]
[BlackElo "1819"]
[PlyCount "104"]
[EventDate "2009.08.01"]

1. e4 c5 2. Nf3 e6 3. d4 cxd4 4. Nxd4 Nf6 5. Bd3 Nc6 6. Nb5 a6 7. N5c3 d5 8.
exd5 Nxd5 9. Nxd5 Qxd5 10. O-O g6 11. Nc3 Qd8 12. a3 Bg7 13. Bd2 O-O 14. Rb1
Ne5 15. Be2 Bd7 16. f4 Nc6 17. Rf3 Nd4 18. Rd3 Nxe2+ 19. Nxe2 Qc7 20. Bc3 Bb5
21. Bxg7 Kxg7 22. Rf3 Rad8 23. Qe1 Qxc2 24. Nc3 Bc6 25. Rf2 Qf5 26. Qe5+ Qxe5
27. fxe5 f6 28. exf6+ Rxf6 29. Rbf1 Rdf8 30. Rxf6 Rxf6 31. b4 Kf7 32. a4 b5 33.
axb5 axb5 34. g3 e5 35. Rxf6+ Kxf6 36. Kf2 g5 37. g4 Kg6 38. h3 h5 39. Kg3 hxg4
40. hxg4 Kf6 41. Kf2 Ke6 42. Ke3 Kd6 43. Kf2 Bd7 44. Kg3 Bc6 45. Kf2 e4 46. Ke3
Ke5 47. Ne2 Kd5 48. Nd4 Bd7 49. Nf5 Bxf5 50. gxf5 Ke5 51. f6 Kxf6 52. Kxe4 Ke6
0-1

[Event "First Saturday 2009 augusztus FM-C"]
[Site "Budapest"]
[Date "2009.08.09"]
[Round "9"]
[White "Hetesi, Zoltan"]
[Black "Kantor, Gergely"]
[Result "0-1"]
[WhiteElo "1509"]
[BlackElo "1732"]
[PlyCount "66"]
[EventDate "2009.08.01"]

1. d4 Nf6 2. c4 e6 3. Nc3 Bb4 4. Qc2 O-O 5. Bd2 c5 6. Nf3 cxd4 7. Nxd4 Nc6 8.
Nf3 b6 9. e4 Bb7 10. e5 Ne8 11. O-O-O f6 12. exf6 Nxf6 13. Bg5 Be7 14. Bd3 Nb4
15. Qb3 a6 16. Bxf6 Rxf6 17. Ne5 Nxd3+ 18. Rxd3 d6 19. f3 Qc7 20. Ng4 Rf4 21.
c5 bxc5 22. Qxe6+ Rf7 23. Nd5 Bxd5 24. Qxd5 Rb8 25. Rb3 Rxb3 26. Qxb3 c4 27.
Qa4 Bg5+ 28. Kb1 c3 29. bxc3 Qxc3 30. Qe8+ Rf8 31. Qe6+ Kh8 32. Qb3 Qc7 33. Re1
Rb8 0-1

[Event "First Saturday 2009 augusztus FM-C"]
[Site "Budapest"]
[Date "2009.08.09"]
[Round "9"]
[White "Simon, Tamas"]
[Black "Fenyvesi, Tamas"]
[Result "0-1"]
[WhiteElo "1808"]
[BlackElo "1794"]
[PlyCount "92"]
[EventDate "2009.08.01"]

1. e4 c5 2. Nc3 d6 3. Nf3 g6 4. Bc4 Bg7 5. O-O Nc6 6. Ne2 Nf6 7. Ng3 O-O 8. c3
e5 9. d4 Nd7 10. Bg5 Ne7 11. dxe5 dxe5 12. Qd6 Re8 13. Bb5 h6 14. Be3 Qb6 15.
Qxb6 axb6 16. Rfd1 Nc6 17. Bxc6 bxc6 18. Rd6 Nb8 19. Rad1 Be6 20. Rd8 Na6 21.
Rxe8+ Rxe8 22. a3 b5 23. Rd6 Rc8 24. Ne2 Bb3 25. Nc1 Bc2 26. Nd2 Bf8 27. Rf6
Be7 28. Rf3 Rd8 29. Kf1 Bxe4 30. Nxe4 f5 31. Bxh6 fxe4 32. Rg3 Kf7 33. Ke2 b4
34. axb4 cxb4 35. Re3 Rh8 36. Rh3 g5 37. Bxg5 Rxh3 38. Bxe7 bxc3 39. b4 Rxh2
40. Bc5 Nxc5 41. bxc5 Rxg2 42. Ke3 c2 43. Nb3 Rg1 44. Kxe4 c1=Q 45. Nxc1 Rxc1
46. Kxe5 Rxc5+ 0-1

[Event "First Saturday 2009 augusztus FM-C"]
[Site "Budapest"]
[Date "2009.08.10"]
[Round "10"]
[White "Mihajlova, Diana"]
[Black "Fenyvesi, Tamas"]
[Result "0-1"]
[WhiteElo "1527"]
[BlackElo "1794"]
[PlyCount "96"]
[EventDate "2009.08.01"]

1. e4 e6 2. d4 d5 3. exd5 exd5 4. Be2 Bd6 5. Nf3 Nf6 6. Nc3 c6 7. Bg5 Bg4 8. h3
Bh5 9. g4 Bg6 10. Ne5 Nbd7 11. f4 h6 12. Nxg6 fxg6 13. Bh4 Bxf4 14. Qd3 Nf8 15.
Bg3 Qd6 16. Rg1 O-O-O 17. Bxf4 Qxf4 18. Rf1 Qd6 19. O-O-O Re8 20. Na4 Qe6 21.
g5 Qxe2 22. Qxe2 Rxe2 23. gxf6 gxf6 24. Rxf6 g5 25. Rdf1 Nd7 26. Rf7 Re4 27.
Nc5 Nxc5 28. dxc5 Rhe8 29. Kd1 Rd4+ 30. Kc1 a6 31. c3 Rc4 32. Rh7 Rxc5 33. Rff7
Rb5 34. Rc7+ Kb8 35. a4 Rb6 36. a5 Rb5 37. b4 Re3 38. Kd2 Rxh3 39. Rcg7 d4 40.
cxd4 Rxb4 41. Kc2 Rh4 42. Rg8+ Ka7 43. Rc8 Rc4+ 44. Kb3 Rcxd4 45. Rcc7 Rb4+ 46.
Kc3 Rhc4+ 47. Kd3 Rc5 48. Rhg7 h5 0-1

[Event "First Saturday 2009 augusztus FM-C"]
[Site "Budapest"]
[Date "2009.08.10"]
[Round "10"]
[White "Kantor, Gergely"]
[Black "Simon, Tamas"]
[Result "1-0"]
[WhiteElo "1732"]
[BlackElo "1808"]
[PlyCount "49"]
[EventDate "2009.08.01"]

1. e4 e6 2. d4 d5 3. Nc3 Nf6 4. e5 Nfd7 5. Nf3 c5 6. dxc5 Nc6 7. Bf4 Bxc5 8.
Bd3 Qb6 9. O-O Qxb2 10. Nb5 O-O 11. Bxh7+ Kxh7 12. Ng5+ Kg6 13. Qd3+ f5 14.
Rfb1 Ndxe5 15. Qe2 Qxa1 16. Rxa1 Ng4 17. Nxe6 Bxf2+ 18. Kf1 Re8 19. Nbc7 Nd4
20. Nxd4 Rxe2 21. Nxe2 Kf6 22. Nxa8 g5 23. h3 gxf4 24. hxg4 Be3 25. Nc7 1-0

[Event "First Saturday 2009 augusztus FM-C"]
[Site "Budapest"]
[Date "2009.08.10"]
[Round "10"]
[White "Vinnay, Istvan"]
[Black "Hetesi, Zoltan"]
[Result "1-0"]
[WhiteElo "1819"]
[BlackElo "1509"]
[PlyCount "35"]
[EventDate "2009.08.01"]

1. c4 e5 2. Nc3 c6 3. Nf3 d5 4. cxd5 cxd5 5. Nxe5 d4 6. Qa4+ Nc6 7. Nxc6 bxc6
8. Qxc6+ Bd7 9. Qe4+ Be6 10. Nb5 Bc5 11. Qc6+ Bd7 12. Qxc5 Bxb5 13. Qxb5+ Kf8
14. d3 Rb8 15. Qc5+ Ne7 16. Bf4 Rc8 17. Qb4 f6 18. Bd6 1-0

[Event "First Saturday 2009 augusztus FM-C"]
[Site "Budapest"]
[Date "2009.08.10"]
[Round "10"]
[White "Jorgensen, Orla  E"]
[Black "Gecse, Lajos"]
[Result "1-0"]
[WhiteElo "1660"]
[BlackElo "1644"]
[PlyCount "31"]
[EventDate "2009.08.01"]

1. f4 c5 2. Nf3 Nc6 3. e4 g6 4. c3 Bg7 5. d4 cxd4 6. cxd4 a6 7. Nc3 Qb6 8. e5
Nh6 9. Be2 e6 10. O-O Nf5 11. Kh1 Nfxd4 12. Nxd4 Nxd4 13. Be3 Qd8 14. Qxd4 d5
15. Qc5 Rf8 16. Qd4 1-0